| 000 | 00508nam a2200181 a 4500 | ||
|---|---|---|---|
| 001 | 3889 | ||
| 005 | 20140414131934.0 | ||
| 008 | 970101s19uu xx 00 eng d | ||
| 020 | _a0-8094-4881-5 | ||
| 050 |
_aREF 500 _bCh34 2004 |
||
| 245 |
_aScience starter / _ceditor C. E. Berry. |
||
| 260 |
_aHong Kong : _bTime-Life Books, _c1989. |
||
| 300 | _a87 p. ; cm. | ||
| 440 | _aA Child's first library of learning | ||
| 650 |
_aScience _xMiscellanea. |
||
| 650 | _aQuestions and answers. | ||
| 999 |
_c112361 _d112361 |
||